| 000 | 00425nam a2200145 a 4500 | ||
|---|---|---|---|
| 001 | 000042914 | ||
| 005 | 20201002040508.0 | ||
| 008 | 140212s2014 dr abc 000 0 spa d | ||
| 040 |
_aDO-SdBNP _bspa _cBNPHU |
||
| 082 |
_axxxx _bxxxx |
||
| 100 | 1 |
_aLeclercq, Bruno _964169 |
|
| 245 | 1 | 4 |
_aLos hombres de África / _cBruno Leclercq. |
| 260 |
_a[Santo Domingo] : _b[S. l.], _c2014. |
||
| 300 |
_a200 p. : _bil., mapa, retrs. ; _c21 cm. |
||
| 999 |
_c42403 _d42403 |
||